Demonios / (Record no. 180784)

MARC details
000 -LEADER
campo de control de longitud fija 00922nam a2200265 i 4500
001 - NÚMERO DE CONTROL
campo de control 180784
003 - IDENTIFICADOR DE NÚMERO DE CONTROL
campo de control ES-MaACL
005 - FECHA Y HORA DE LA ÚLTIMA TRANSACCIÓN
campo de control 20250818061903.0
008 - DATOS DE LONGITUD FIJA--INFORMACIÓN GENERAL
campo de control de longitud fija 120712s2010 sp aop |||| | spa d
020 ## - NÚMERO INTERNACIONAL ESTÁNDAR DEL LIBRO
Número Internacional Estándar del Libro 978-84-937826-0-3
080 ## - NÚMERO DE LA CLASIFICACIÓN DECIMAL UNIVERSAL
Número de la Clasificación Decimal Universal 235.2
100 1# - ENTRADA PRINCIPAL--NOMBRE DE PERSONA
Nombre de persona Bofarull, Salvador.
9 (RLIN) 143049
245 10 - MENCIÓN DEL TÍTULO
Título Demonios /
Mención de responsabilidad, etc. Salvador Bofarull ; prólogo de Gonzalo Puente Ojea.
260 ## - PUBLICACIÓN, DISTRIBUCIÓN, ETC.
Lugar de publicación, distribución, etc. Collado Villalba, Madrid :
Nombre del editor, distribuidor, etc. Énfasis,
Fecha de publicación, distribución, etc. [2010]
300 ## - DESCRIPCIÓN FÍSICA
Extensión 150 p. :
Otras características físicas il. col. y n., fot. ;
Dimensiones 25 x 22 cm.
500 ## - NOTA GENERAL
Nota general Índice.
504 ## - NOTA DE BIBLIOGRAFÍA, ETC.
Nota de bibliografía, etc. Bibliografía: p. 135-138.
650 #7 - PUNTO DE ACCESO ADICIONAL DE MATERIA--TÉRMINO DE MATERIA
Término de materia o nombre geográfico como elemento de entrada Demonio.
9 (RLIN) 11587
650 07 - PUNTO DE ACCESO ADICIONAL DE MATERIA--TÉRMINO DE MATERIA
Término de materia o nombre geográfico como elemento de entrada Demonología
Fuente del encabezamiento o término embne
9 (RLIN) 11589
700 1# - ENTRADA AGREGADA--NOMBRE PERSONAL
Nombre de persona Puente Ojea, Gonzalo.
9 (RLIN) 94161
852 ## - LOCALIZACIÓN
Ubicación ES-MaACL
Número de control de estantería A-12145
Nota libre Dedicatoria autógrafa del autor
itemnumber 187688
Sublocalización o colección R.146045
Ubicación en estantería Depósito 1
Signatura antigua Olim: N-5150
Encuadernación Donación: Salvador Bofarull
903 ## - NOMBRE PERSONAL DE DONANTE
9 143049
a Bofarull, Salvador
e Donante
942 ## - ELEMENTOS DE ENTRADA SECUNDARIOS (KOHA)
Fuente del sistema de clasificación o colocación Clasificación decimal universal
Tipo de ítem Koha Libro impreso
Holdings
Estatus retirado Estado de pérdida Fuente del sistema de clasificación o colocación Estado de daño No para préstamo Colección Biblioteca de origen Biblioteca actual Ubicación en estantería Fecha de adquisición Fuente de adquisición Total de préstamos Signatura topográfica completa Código de barras Visto por última vez Precio de reemplazo Tipo de ítem Koha Nota pública
    Clasificación decimal universal     Libros con dedicatorias Biblioteca del Ateneo de Madrid Biblioteca del Ateneo de Madrid Depósito 1 12/07/2012 Donación   A-12145 1189974 23/02/2023 23/02/2023 Libro impreso Dedicatoria autógrafa del autor